000 00731cam a2200217 4500
001 J88472
008 090401t1981 xxu||||| |||| 00| 0 eng d
035 _a(Sirsi) u82859
041 _aeng
110 _aEngland and Wales
_bLands Tribunal
_91252
245 _aW. Wight Miss A.M. Moss (The Executors of Miss N. Wight (deceased)) and Commissioners of Inland Revenue.
260 _cDET/1/1981
300 _a11p. ; 30cm.
350 _a0
490 _aLands Tribunal
_vDET/1/1981
520 _a42 Totterdown Road Weston-Super-Mare DET/1/1981 Known as Nelly Wight Case - Filed in Filing Cabinet
650 _aJOINT TENANCIES
650 _aWIGHT AND ANOTHER V INLAND REVENUE COMMISSIONERS
942 _n0
948 _c22/12/1997
999 _c96839
_d96839